Redesigning the college library building, 2014 edition

This report looks closely at college plans to restructure or alter space use in college libraries. The 190+ page study gives detailed data on college library plans to increase or decrease space for various departments and purposes, how they plan to develop and deploy their capital budgets, which typ...

全面介绍

Đã lưu trong:
书目详细资料
企业作者: Primary Research Group
格式: 图书
语言:Undetermined
出版: [New York] Primary Research Group 2014
主题:
标签: 添加标签
没有标签, 成为第一个标记此记录!
Thư viện lưu trữ: Trung tâm Học liệu Trường Đại học Cần Thơ
LEADER 01802nam a2200217Ia 4500
001 CTU_198946
008 210402s9999 xx 000 0 und d
020 |c 3312000 
082 |a 027.7 
082 |b P952 
110 |a Primary Research Group 
245 0 |a Redesigning the college library building, 2014 edition 
245 0 |c Primary Research Group 
260 |a [New York] 
260 |b Primary Research Group 
260 |c 2014 
520 |a This report looks closely at college plans to restructure or alter space use in college libraries. The 190+ page study gives detailed data on college library plans to increase or decrease space for various departments and purposes, how they plan to develop and deploy their capital budgets, which types of projects and purposes are favored for the near future. The report helps librarians to answer questions such as: How many workstations will libraries deploy? Will the number increase or decrease? What about space allocated to information commons? Or to classroom space? What about office space? Collection space? Space for special collections? The report helps its end users to stay on the cutting edge, to find out what library planners are hoping to achieve in the near future. The study also looks at budgets for repairs, and for major renovations and gives data for overall budgets and on a per student enrolled basis. Data in the study is broken out by size and type of college, with separate data for community colleges, research universities, 4-year colleges and those non-research universities that grant MA/PhD degrees 
650 |a Thư viện đại học,Academic libraries 
650 |x Thiết kế và xây dựng,Design and construction 
904 |i Bằng 
980 |a Trung tâm Học liệu Trường Đại học Cần Thơ